A magyar nyelvtanítás módszertana az 1-5. évfolyamban : segédkönyv a nemzeti iskolák tanítói részére /

Hlavní autor: Varsányi, László
Další autoři: Kranzinger, Margit, Heimler, László
Jazyk: Maďarština
Vydáno: Bratislava : Slovenské pedagogické nakladateľstvo, 1960
Vydání: 1. kiad.
Fyzický popis: 156 s.
Knihy
Uloženo v:
LEADER 00827nam a22002292a 4500
001 001394500
003 CZ BrMZK
005 20140616094342.0
007 ta
008 140616s1960 xo er|||||||||||hun d
040 |a BOA001  |b cze 
100 1 |a Varsányi, László  |7 jx20040728029  |4 aut 
245 1 2 |a A magyar nyelvtanítás módszertana az 1-5. évfolyamban :  |b segédkönyv a nemzeti iskolák tanítói részére /  |c László Varsányi, Margit Kranzinger, László Heimler 
250 |a 1. kiad. 
260 |a Bratislava :  |b Slovenské pedagogické nakladateľstvo,  |c 1960 
300 |a 156 s. 
700 1 |a Kranzinger, Margit  |4 aut 
700 1 |a Heimler, László  |4 aut 
910 |a BOA001  |b 2-0447.979 
990 |a BK 
991 |b 201406 
996 7 |b 2619083193  |c 2-0447.979  |l MZK  |r Sklad / do 24 hodin  |n 0  |w 001429583  |u 000010  |a 1  |e BOA001  |j MZK50  |s A